[Event "40th ECC Open 2025"]
[Site "Rhodes GRE"]
[Date "2025.10.20"]
[Round "2.124"]
[White "Aydin, Gulenay"]
[Black "Domingo Nunez, Ruben"]
[Result "0-1"]
[WhiteTitle "WIM"]
[BlackTitle "IM"]
[WhiteElo "2237"]
[BlackElo "2422"]
[WhiteTeam "Pausa Chess Team"]
[BlackTeam "Silla-Integrant Col.lectius"]
[WhiteFideId "34557431"]
[BlackFideId "22245570"]
[EventDate "2025.10.19"]
[EventType "team"]

1. e4 c6 2. Nf3 d5 3. d3 Qc7 4. Nc3 dxe4 5. Nxe4 Bg4 6. g3 Nd7 7. Bg2 Ngf6 8.
O-O Nxe4 9. dxe4 e5 10. h3 Bh5 11. a4 a5 12. Qe1 Bc5 13. Nh4 Qb6 14. Nf5 Rg8 15.
c3 f6 16. Bd2 Qb3 17. Be3 Bf8 18. Qd2 O-O-O 19. g4 Nb6 20. Qe2 Bg6 21. Rad1 Rxd1
22. Rxd1 Bxf5 23. Bxb6 Qxb6 24. Qc4 Rh8 25. exf5 Bc5 26. Rd2 Kb8 27. Be4 h5 28.
Kg2 hxg4 29. hxg4 Ka7 30. Bf3 Rh6 31. Be4 Rh4 32. Kg3 Rh8 33. Kg2 Rh4 34. Kg3
Rh6 35. Kg2 Rh8 36. Bf3 Rh4 37. Kg3 Rh6 38. Be4 Be3 39. Re2 Bf4+ 40. Kg2 Rh2+
41. Kf1 Rh4 42. Bf3 Qd8 43. Rc2 Rh3 44. Qe4 Qg8 45. Be2 Qa2 46. Kg1 Qb1+ 47. Bf1
Rh4 48. f3 Rh1+ 0-1

[Event "40th ECC Open 2025"]
[Site "Rhodes GRE"]
[Date "2025.10.20"]
[Round "2.125"]
[White "Luque Saiz, Andres"]
[Black "Senel, Hayri Beyhun"]
[Result "1-0"]
[WhiteTitle "FM"]
[BlackTitle "FM"]
[WhiteElo "2343"]
[BlackElo "2129"]
[WhiteTeam "Silla-Integrant Col.lectius"]
[BlackTeam "Pausa Chess Team"]
[WhiteFideId "24510793"]
[BlackFideId "26314690"]
[EventDate "2025.10.19"]
[EventType "team"]

1. Nf3 Nf6 2. c4 g6 3. Nc3 d6 4. d4 Bg7 5. g3 O-O 6. Bg2 Nbd7 7. O-O Re8 8. Qc2
c6 9. e4 e5 10. Rd1 Qc7 11. a4 a5 12. h3 Nb8 13. Be3 Na6 14. Rac1 Nd7 15. Qd2
exd4 16. Nxd4 Ne5 17. Qe2 Nb4 18. g4 Nd7 19. Rd2 Nc5 20. Qd1 Qe7 21. Rb1 Be6 22.
Nxe6 Nxe6 23. f4 Rad8 24. Ne2 Nc5 25. Ng3 b6 26. Kh2 Qe6 27. b3 Qe7 28. Qf3 Rd7
29. Bf2 Red8 30. Rbd1 d5 31. cxd5 cxd5 32. exd5 Qd6 33. Ne2 Re8 34. Ng3 Rde7 35.
Bf1 Ne4 36. Nxe4 Rxe4 37. Re2 f5 38. Rxe4 Rxe4 39. Bg3 Kh8 40. gxf5 gxf5 41. Qh5
Qd7 42. Bb5 Qc8 43. d6 Qc2+ 44. Kh1 Qxb3 45. d7 1-0

[Event "40th ECC Open 2025"]
[Site "Rhodes GRE"]
[Date "2025.10.20"]
[Round "2.126"]
[White "Yaramis, Hakan"]
[Black "Garcia Molina, Jose"]
[Result "1-0"]
[BlackTitle "FM"]
[WhiteElo "1978"]
[BlackElo "2206"]
[WhiteTeam "Pausa Chess Team"]
[BlackTeam "Silla-Integrant Col.lectius"]
[WhiteFideId "6304613"]
[BlackFideId "32030592"]
[EventDate "2025.10.19"]
[EventType "team"]

1. e4 c5 2. Nf3 Nc6 3. Nc3 d6 4. d4 cxd4 5. Nxd4 Nf6 6. Bg5 e6 7. Qd2 a6 8. Nxc6
bxc6 9. O-O-O Be7 10. Bxf6 gxf6 11. Bc4 Qc7 12. Bb3 Bb7 13. Qh6 Qa5 14. f4 O-O-O
15. Qg7 Qh5 16. Bxe6+ fxe6 17. Qxe7 Qg4 18. g3 Rhe8 19. Qxf6 c5 20. Rhe1 h5 21.
f5 exf5 22. exf5 d5 23. Rxe8 Rxe8 24. Qd6 Qc4 25. Nxd5 Bxd5 26. Qxd5 Qxd5 27.
Rxd5 Re1+ 28. Kd2 Rg1 29. Rxc5+ Kb7 30. f6 1-0

[Event "40th ECC Open 2025"]
[Site "Rhodes GRE"]
[Date "2025.10.20"]
[Round "2.127"]
[White "Stefansson, Vignir Vatnar"]
[Black "Erdos, Viktor"]
[Result "1/2-1/2"]
[WhiteTitle "GM"]
[BlackTitle "GM"]
[WhiteElo "2506"]
[BlackElo "2538"]
[WhiteTeam "Breidablik"]
[BlackTeam "MTK Budapest"]
[WhiteFideId "2308649"]
[BlackFideId "719978"]
[EventDate "2025.10.19"]
[EventType "team"]

1. d4 d5 2. c4 e6 3. Nf3 c5 4. cxd5 exd5 5. g3 Nf6 6. Bg2 Be7 7. O-O O-O 8. dxc5
Bxc5 9. a3 h6 10. Nc3 a5 11. Bf4 Nc6 12. Rc1 Be6 13. Ne5 Rc8 14. Nxc6 bxc6 15.
Na4 Ba7 16. Be5 Bg4 17. h3 Bh5 18. Bf3 Ne4 19. Bd4 Bxd4 20. Qxd4 Bxf3 21. exf3
Ng5 22. Kg2 Ne6 23. Qe5 Re8 24. Rfe1 Nc7 25. Qc3 Rxe1 26. Rxe1 Ne6 27. Nc5 Nxc5
28. Qxc5 a4 29. Qb4 c5 30. Qxa4 c4 31. Qa7 d4 32. Re7 Qf8 33. Qd7 1/2-1/2

[Event "40th ECC Open 2025"]
[Site "Rhodes GRE"]
[Date "2025.10.20"]
[Round "2.128"]
[White "Juhasz, Agoston"]
[Black "Heimisson, Hilmir Freyr"]
[Result "0-1"]
[WhiteTitle "IM"]
[BlackTitle "IM"]
[WhiteElo "2434"]
[BlackElo "2291"]
[WhiteTeam "MTK Budapest"]
[BlackTeam "Breidablik"]
[WhiteFideId "778346"]
[BlackFideId "2309998"]
[EventDate "2025.10.19"]
[EventType "team"]

1. e4 e5 2. Nf3 Nc6 3. Bc4 Bc5 4. O-O Nf6 5. d3 d6 6. Bg5 h6 7. Bh4 Be6 8. Nbd2
g5 9. Bg3 Nd7 10. c3 Qf6 11. Bxe6 fxe6 12. Nc4 a5 13. Qe2 O-O 14. Rad1 Qg7 15.
Ne3 Rf7 16. h4 Raf8 17. hxg5 hxg5 18. Nh2 Nf6 19. Nc2 Qg6 20. d4 Bb6 21. Ng4
Nxe4 22. Qd3 Qh7 23. Bh2 exd4 24. cxd4 Nf6 25. Qxh7+ Rxh7 26. Nge3 Kf7 27. f4 g4
28. f5 e5 29. dxe5 dxe5 30. Bg3 Rfh8 31. Be1 Ne4 32. Rd7+ Ne7 0-1

[Event "40th ECC Open 2025"]
[Site "Rhodes GRE"]
[Date "2025.10.20"]
[Round "2.129"]
[White "Johannsson, Birkir Isak"]
[Black "Pribelszky, Bence"]
[Result "0-1"]
[BlackTitle "IM"]
[WhiteElo "2258"]
[BlackElo "2403"]
[WhiteTeam "Breidablik"]
[BlackTeam "MTK Budapest"]
[WhiteFideId "2314673"]
[BlackFideId "769738"]
[EventDate "2025.10.19"]
[EventType "team"]

1. d4 Nf6 2. Nf3 b6 3. c4 Bb7 4. g3 g6 5. Bg2 Bg7 6. O-O O-O 7. d5 Na6 8. Nc3
Nc5 9. Qc2 c6 10. e4 cxd5 11. exd5 Rc8 12. Rd1 Ba6 13. Nd2 d6 14. b3 e5 15. Bb2
Ne8 16. b4 Nd7 17. Qb3 f5 18. a4 e4 19. Nb5 Bxb2 20. Qxb2 Bxb5 21. axb5 Ne5 22.
Qd4 Rf7 23. Ra3 Rfc7 24. Bf1 Nf6 25. f4 exf3 26. Rc3 Qf8 27. Nxf3 Ne4 28. Nxe5
Nxc3 29. Qxc3 Qf6 30. Re1 Re7 31. Nxg6 Qxc3 32. Nxe7+ Kf8 33. Nxc8 Qxe1 34. Nxd6
Qe5 35. c5 bxc5 36. bxc5 Qd4+ 37. Kg2 Qxc5 0-1

[Event "40th ECC Open 2025"]
[Site "Rhodes GRE"]
[Date "2025.10.20"]
[Round "2.130"]
[White "Papp, Levente"]
[Black "Briem, Benedikt"]
[Result "1-0"]
[WhiteTitle "FM"]
[WhiteElo "2360"]
[BlackElo "2226"]
[WhiteTeam "MTK Budapest"]
[BlackTeam "Breidablik"]
[WhiteFideId "751243"]
[BlackFideId "2315432"]
[EventDate "2025.10.19"]
[EventType "team"]

1. Nf3 d5 2. e3 Nf6 3. b3 Bf5 4. Bb2 h6 5. d4 e6 6. Bd3 Bxd3 7. Qxd3 Nbd7 8.
Nbd2 c5 9. O-O Be7 10. Ne5 O-O 11. f4 Qb6 12. c4 cxd4 13. exd4 Nxe5 14. fxe5 Nd7
15. c5 Qc7 16. b4 f5 17. exf6 Bxf6 18. Nf3 a5 19. b5 Nxc5 20. Qc2 Na6 21. Qe2
Nb8 22. Qxe6+ Qf7 23. Qxf7+ Rxf7 24. Ne5 Bxe5 25. dxe5 Rxf1+ 26. Rxf1 Nd7 27. e6
Nf8 28. Rf7 Nxe6 29. Re7 Ng5 30. Rxg7+ Kf8 31. Rxb7 Rc8 32. b6 Ne6 33. Rh7 Nd8
34. Be5 Rc1+ 35. Kf2 Rb1 36. Bd6+ Kg8 37. Rd7 Nf7 38. b7 Rb2+ 39. Ke3 1-0

[Event "40th ECC Open 2025"]
[Site "Rhodes GRE"]
[Date "2025.10.20"]
[Round "2.131"]
[White "Briem, Stephan"]
[Black "Juhasz, Armin"]
[Result "1/2-1/2"]
[BlackTitle "IM"]
[WhiteElo "2189"]
[BlackElo "2375"]
[WhiteTeam "Breidablik"]
[BlackTeam "MTK Budapest"]
[WhiteFideId "2312506"]
[BlackFideId "724270"]
[EventDate "2025.10.19"]
[EventType "team"]

1. d4 Nf6 2. Nf3 d5 3. c4 e6 4. e3 a6 5. a3 dxc4 6. Bxc4 b5 7. Bd3 c5 8. dxc5
Bxc5 9. b4 Bd6 10. Bb2 Bb7 11. Qe2 Nbd7 12. Nbd2 O-O 13. O-O Qe7 14. e4 e5 15.
Nb3 Rac8 16. Rac1 Qe6 17. Na5 Ba8 18. Ng5 Qe7 19. Nf3 Qe6 20. Ng5 Qe7 21. Nf3
Qe6 22. Ng5 1/2-1/2

[Event "40th ECC Open 2025"]
[Site "Rhodes GRE"]
[Date "2025.10.20"]
[Round "2.132"]
[White "Matyassy, Lazar"]
[Black "Heidarsson, Arnar Milutin"]
[Result "0-1"]
[WhiteTitle "FM"]
[WhiteElo "2313"]
[BlackElo "2085"]
[WhiteTeam "MTK Budapest"]
[BlackTeam "Breidablik"]
[WhiteFideId "17005167"]
[BlackFideId "2312875"]
[EventDate "2025.10.19"]
[EventType "team"]

1. e4 e6 2. d4 d5 3. Nc3 Nf6 4. e5 Nfd7 5. f4 c5 6. Nf3 Nc6 7. Be3 cxd4 8. Nxd4
Bc5 9. Qd2 a6 10. O-O-O O-O 11. g4 Nxd4 12. Bxd4 b5 13. Bxc5 Nxc5 14. Qd4 Qc7
15. h4 Bb7 16. Rh2 f6 17. Bh3 fxe5 18. Qxe5 Qxe5 19. fxe5 Rf4 20. Ne2 Re4 21.
Nd4 Rxe5 22. g5 b4 23. c3 a5 24. Rc2 Re3 25. cxb4 Nd3+ 26. Rxd3 Rxd3 27. Bxe6+
Kh8 28. Nf5 Re8 29. Rc7 Rxe6 30. Kc2 Ba6 31. b5 Bxb5 32. Nd6 Re2+ 33. Kc1 Be8
34. Rc8 Rde3 35. h5 Kg8 36. Nf5 Re5 37. Kd1 Rf2 0-1

[Event "40th ECC Open 2025"]
[Site "Rhodes GRE"]
[Date "2025.10.20"]
[Round "2.133"]
[White "Blomqvist, Erik"]
[Black "Annaberdiyev, Meylis"]
[Result "1-0"]
[WhiteTitle "GM"]
[BlackTitle "GM"]
[WhiteElo "2478"]
[BlackElo "2408"]
[WhiteTeam "SK Rockaden #1 (SWE)"]
[BlackTeam "Konya Yildiz Satranc SK"]
[WhiteFideId "1709437"]
[BlackFideId "14000563"]
[EventDate "2025.10.19"]
[EventType "team"]

1. e4 e5 2. Nf3 Nc6 3. Bb5 a6 4. Ba4 Nf6 5. O-O Be7 6. d3 b5 7. Bb3 d6 8. a3 O-O
9. Nc3 h6 10. Be3 Na5 11. Ba2 c5 12. b4 Nc6 13. Nd5 Ng4 14. Bd2 Be6 15. bxc5
dxc5 16. h3 Nf6 17. Nxf6+ Bxf6 18. Bxe6 fxe6 19. Be3 Nd4 20. a4 Qd7 21. Nd2 bxa4
22. Ra2 Kh7 23. Nc4 Rab8 24. Qg4 Rb7 25. Rfa1 Rfb8 26. Qd1 Rb5 27. Kh2 Qc6 28.
Rxa4 Rb1 29. Qd2 Rxa1 30. Rxa1 Rb4 31. Bxd4 exd4 32. Qf4 Bd8 33. Ne5 Qd6 34. Qg3
Bf6 35. Nc4 Qc6 36. f4 Ra4 37. Rb1 Rb4 38. Rf1 Kh8 39. Qg6 Qd7 40. Ra1 Rxc4 41.
dxc4 Qb7 42. e5 Bh4 43. Ra3 Be1 44. f5 Qe4 45. Rf3 Bd2 46. Rf1 Bf4+ 47. Kh1 Bxe5
48. Qxe6 Qe2 49. Rb1 Qxc2 50. Re1 1-0

[Event "40th ECC Open 2025"]
[Site "Rhodes GRE"]
[Date "2025.10.20"]
[Round "2.134"]
[White "Yurtseven, Melih"]
[Black "Trost, Edvin"]
[Result "1/2-1/2"]
[WhiteTitle "IM"]
[BlackTitle "IM"]
[WhiteElo "2352"]
[BlackElo "2457"]
[WhiteTeam "Konya Yildiz Satranc SK"]
[BlackTeam "SK Rockaden #1 (SWE)"]
[WhiteFideId "6312160"]
[BlackFideId "1729519"]
[EventDate "2025.10.19"]
[EventType "team"]

1. d4 Nf6 2. Nf3 d5 3. c4 e6 4. cxd5 exd5 5. Qc2 Bd6 6. Nc3 h6 7. Nb5 Bb4+ 8.
Bd2 Bxd2+ 9. Nxd2 c6 10. Nc3 g6 11. e3 Bf5 12. Bd3 Bxd3 13. Qxd3 O-O 14. O-O
Nbd7 15. Rfc1 Re8 16. Na4 Re7 17. Nc5 Nxc5 18. Rxc5 Ne8 19. e4 dxe4 20. Nxe4 Nd6
21. Nf6+ Kg7 22. d5 Re5 23. Ng4 Rxd5 24. Rxd5 cxd5 25. Qd4+ f6 26. Qxd5 Qe7 27.
Ne3 Rd8 28. Qc5 b6 29. Qb4 Rd7 30. Re1 Qf7 31. Qa4 Re7 1/2-1/2

[Event "40th ECC Open 2025"]
[Site "Rhodes GRE"]
[Date "2025.10.20"]
[Round "2.135"]
[White "Sorensen, Hampus"]
[Black "Citak, Selim"]
[Result "1-0"]
[WhiteTitle "IM"]
[BlackTitle "FM"]
[WhiteElo "2440"]
[BlackElo "2308"]
[WhiteTeam "SK Rockaden #1 (SWE)"]
[BlackTeam "Konya Yildiz Satranc SK"]
[WhiteFideId "8703884"]
[BlackFideId "6301819"]
[EventDate "2025.10.19"]
[EventType "team"]

1. d4 d5 2. Bf4 Nf6 3. e3 Bg4 4. Nf3 e6 5. h3 Bxf3 6. Qxf3 Bd6 7. Nd2 O-O 8. c3
Nbd7 9. Bxd6 cxd6 10. Bd3 Qb6 11. Rb1 Qa5 12. a3 b5 13. g4 e5 14. Bf5 e4 15. Qg3
Qc7 16. g5 Ne8 17. h4 Nb6 18. h5 Qe7 19. Qh4 f6 20. g6 h6 21. b3 Nc7 22. Qg4
Rfe8 23. O-O a5 24. Rfc1 Rab8 25. c4 bxc4 26. bxc4 Nxc4 27. Rxb8 Rxb8 28. Nxc4
dxc4 29. Rxc4 d5 30. Rc5 a4 31. Bd7 Qd8 32. Qf5 Kh8 33. Bxa4 Ra8 34. Qd7 Qxd7
35. Bxd7 Ra7 36. Be6 f5 37. Bxd5 1-0

[Event "40th ECC Open 2025"]
[Site "Rhodes GRE"]
[Date "2025.10.20"]
[Round "2.136"]
[White "Guleryuz, Kuzey"]
[Black "Barkhagen, Jonas"]
[Result "1-0"]
[WhiteTitle "CM"]
[BlackTitle "IM"]
[WhiteElo "2256"]
[BlackElo "2408"]
[WhiteTeam "Konya Yildiz Satranc SK"]
[BlackTeam "SK Rockaden #1 (SWE)"]
[WhiteFideId "44500203"]
[BlackFideId "1700855"]
[EventDate "2025.10.19"]
[EventType "team"]

1. e4 e5 2. Nf3 Nc6 3. Bc4 Bc5 4. d3 Nf6 5. Bg5 h6 6. Bh4 Be7 7. O-O O-O 8. c3
d6 9. b4 a6 10. Nbd2 Nh5 11. Bg3 Nxg3 12. hxg3 Kh8 13. Qb3 Qe8 14. Rfe1 Rb8 15.
d4 Bf6 16. d5 Ne7 17. Bd3 g6 18. c4 Bg7 19. c5 f5 20. cxd6 cxd6 21. b5 axb5 22.
Bxb5 Qd8 23. Qa3 fxe4 24. Nxe4 Nxd5 25. Rad1 Nc7 26. Nxd6 Qe7 27. Nh4 Rf6 28.
Qa7 Ra8 29. Nxc8 Rxa7 30. Nxe7 Nxb5 31. Nexg6+ Kh7 32. Nxe5 Rxa2 33. Rd7 b6 34.
Ng4 Rd6 35. Ree7 Rxd7 36. Nf6+ 1-0

[Event "40th ECC Open 2025"]
[Site "Rhodes GRE"]
[Date "2025.10.20"]
[Round "2.137"]
[White "Kenneskog, Theodor"]
[Black "Olcum, Ahmet"]
[Result "0-1"]
[WhiteTitle "FM"]
[BlackTitle "FM"]
[WhiteElo "2338"]
[BlackElo "2221"]
[WhiteTeam "SK Rockaden #1 (SWE)"]
[BlackTeam "Konya Yildiz Satranc SK"]
[WhiteFideId "1715011"]
[BlackFideId "6311393"]
[EventDate "2025.10.19"]
[EventType "team"]

1. e4 Nc6 2. Nf3 d6 3. d4 Nf6 4. Nc3 Bg4 5. d5 Bxf3 6. gxf3 Ne5 7. f4 Ned7 8.
Be3 c5 9. Be2 g6 10. h4 Bg7 11. h5 gxh5 12. Bxh5 Nxh5 13. Qxh5 Bxc3+ 14. bxc3
Qa5 15. Bd2 Qa4 16. Qf5 O-O-O 17. Rg1 Rhg8 18. Rxg8 Rxg8 19. O-O-O Qxa2 20. Be3
Rg7 21. e5 Kc7 22. exd6+ exd6 23. Kd2 a5 24. Qe4 f6 25. Ke2 a4 26. Kf3 b5 27.
Qd3 Qc4 28. Qxc4 bxc4 29. Ke4 Rg8 30. Kf5 h5 31. Ra1 Nb6 32. Kxf6 h4 33. Kf7 Rg2
34. f5 h3 35. Rh1 h2 36. f6 a3 37. Bf4 a2 38. Ke6 Rg1 39. f7 Nd7 40. Bxd6+ Kd8
41. Rxh2 Rg6+ 42. Kf5 Rxd6 43. Rh8+ Ke7 44. Ra8 Rf6+ 45. Ke4 Rxf2 46. Rxa2 Rxf7
47. Ra4 Rh7 48. Ke3 Rh3+ 49. Kd2 Rh2+ 50. Kc1 Ne5 51. Ra6 Kd7 52. Re6 Rh5 53.
Rf6 Rg5 54. Kb2 Rg6 55. Rf8 Rb6+ 56. Ka3 Ra6+ 57. Kb2 Rd6 58. Ka3 Rxd5 59. Ka4
Kc6 60. Rc8+ Kb6 61. Rb8+ Kc7 62. Re8 Nf7 63. Re7+ Rd7 64. Re6 Nd6 65. Rh6 Rg7
66. Ka3 Rg3 67. Kb2 Nc8 68. Ra6 Nb6 69. Ra3 Kc6 70. Ra7 Kb5 71. Rb7 Ka6 72. Rc7
Na4+ 73. Kc1 Rxc3 74. Kb1 Rh3 75. Rc8 Kb7 76. Rg8 Nc3+ 77. Kb2 Nb5 78. Rg4 Nd4
79. c3 Rh2+ 80. Ka1 Nc2+ 81. Kb1 Kc6 82. Rf4 Ne3 83. Re4 Re2 84. Re8 Nd5 0-1

[Event "40th ECC Open 2025"]
[Site "Rhodes GRE"]
[Date "2025.10.20"]
[Round "2.138"]
[White "Acarbay, Algi"]
[Black "Bator, Robert"]
[Result "1/2-1/2"]
[WhiteTitle "WCM"]
[BlackTitle "IM"]
[WhiteElo "1992"]
[BlackElo "2299"]
[WhiteTeam "Konya Yildiz Satranc SK"]
[BlackTeam "SK Rockaden #1 (SWE)"]
[WhiteFideId "6303692"]
[BlackFideId "1700405"]
[EventDate "2025.10.19"]
[EventType "team"]

1. e4 c5 2. Nf3 Nc6 3. Bb5 g6 4. O-O Bg7 5. c3 Nf6 6. Re1 O-O 7. d4 cxd4 8. cxd4
d5 9. e5 Ne8 10. h3 Nc7 11. Bxc6 bxc6 12. Be3 Rb8 13. b3 Ne6 14. Nc3 f5 15. exf6
exf6 16. Qd2 g5 17. Na4 h6 18. Qc2 Qd6 19. Rac1 Nd8 20. Qg6 Qd7 21. Nc5 Qf7 22.
Qxf7+ Nxf7 23. Bd2 f5 24. Re7 Bf6 25. Rxa7 g4 26. Ne5 Nxe5 27. dxe5 Bxe5 28.
Bxh6 Re8 29. Re1 Bh2+ 30. Kf1 Rxe1+ 31. Kxe1 gxh3 32. gxh3 Be5 33. Nd3 Bd4 34.
Re7 Bf6 35. Re8+ Kf7 36. Rf8+ Kg6 37. Bf4 Ra8 38. Ne5+ Bxe5 39. Bxe5 c5 40. h4
Bb7 41. Rxa8 Bxa8 42. Kd2 Kh5 43. Bf6 Kg4 44. Be7 c4 45. b4 Bc6 46. Kc3 Be8 47.
Bg5 f4 48. Kd4 Kf5 49. Bh6 Bc6 50. f3 Be8 51. Bg7 Ke6 52. Be5 Kf5 53. Bg7 Ke6
54. Bh6 Kf5 55. Bg7 Ke6 56. Be5 Kf5 57. Bg7 Ke6 58. Be5 Kf5 59. Bg7 1/2-1/2

[Event "40th ECC Open 2025"]
[Site "Rhodes GRE"]
[Date "2025.10.20"]
[Round "2.139"]
[White "Smeets, Jan"]
[Black "De Schampheleire, Glen"]
[Result "1-0"]
[WhiteTitle "GM"]
[BlackTitle "IM"]
[WhiteElo "2562"]
[BlackElo "2358"]
[WhiteTeam "LSG Leiden"]
[BlackTeam "KBSK Brugge"]
[WhiteFideId "1007246"]
[BlackFideId "208701"]
[EventDate "2025.10.19"]
[EventType "team"]

1. e4 e5 2. Bc4 Nf6 3. d3 c6 4. Nf3 d5 5. Bb3 a5 6. Nc3 Bb4 7. a3 Bxc3+ 8. bxc3
O-O 9. O-O a4 10. Ba2 Be6 11. Nxe5 dxe4 12. Bxe6 fxe6 13. Qe2 Qd5 14. Bf4 Na6
15. c4 Qd4 16. Qe3 Qc3 17. d4 Qxe3 18. fxe3 b5 19. c5 Rac8 20. c4 bxc4 21. Nxc4
Nd5 22. Bd6 Rxf1+ 23. Rxf1 Nac7 24. Nb6 Rd8 25. Bxc7 Nxc7 26. Rf4 Nd5 27. Rxe4
Nxb6 28. cxb6 Rb8 29. Rxe6 Rxb6 30. Kf2 Kf7 31. Re5 Rb3 32. Rc5 Rxa3 33. Rxc6
Ra1 34. Ra6 a3 35. Kf3 Rf1+ 36. Kg3 Ra1 37. Kf4 Rf1+ 38. Ke5 Rf2 39. g4 Rxh2 40.
Rxa3 Rh4 41. Ra7+ Kf8 42. g5 h5 43. d5 Rg4 44. Kf5 Rg3 45. e4 h4 46. d6 1-0

[Event "40th ECC Open 2025"]
[Site "Rhodes GRE"]
[Date "2025.10.20"]
[Round "2.140"]
[White "Vantorre, Nils"]
[Black "Pijpers, Arthur"]
[Result "1-0"]
[BlackTitle "GM"]
[WhiteElo "2221"]
[BlackElo "2487"]
[WhiteTeam "KBSK Brugge"]
[BlackTeam "LSG Leiden"]
[WhiteFideId "258474"]
[BlackFideId "1019554"]
[EventDate "2025.10.19"]
[EventType "team"]

1. e4 e6 2. d4 d5 3. Nc3 Nf6 4. Bg5 Be7 5. e5 Nfd7 6. h4 Bxg5 7. hxg5 Qxg5 8.
Nh3 Qh4 9. g3 Qe7 10. Nf4 Nc6 11. Qd2 Nb6 12. a4 Qb4 13. a5 Nc4 14. Bxc4 dxc4
15. Nh5 Rg8 16. Ra4 Qf8 17. Ne4 Bd7 18. Rxc4 O-O-O 19. a6 f6 20. axb7+ Kb8 21.
Nc5 fxe5 22. Qc3 Qd6 23. Nxd7+ Qxd7 24. Rxc6 Rgf8 25. Ra6 g6 26. Qc5 Qxd4 27.
Qxd4 Rxd4 28. Ng7 Re4+ 29. Kf1 Rd8 30. Nxe6 Rd1+ 31. Kg2 Rxh1 32. Kxh1 Re2 33.
Nc5 Rxc2 34. b4 Rxf2 35. Re6 Rb2 36. Re8# 1-0

[Event "40th ECC Open 2025"]
[Site "Rhodes GRE"]
[Date "2025.10.20"]
[Round "2.141"]
[White "Bosman, Michiel"]
[Black "Cardon, Helmut"]
[Result "1/2-1/2"]
[WhiteTitle "IM"]
[BlackTitle "IM"]
[WhiteElo "2306"]
[BlackElo "2307"]
[WhiteTeam "LSG Leiden"]
[BlackTeam "KBSK Brugge"]
[WhiteFideId "1000721"]
[BlackFideId "1000365"]
[EventDate "2025.10.19"]
[EventType "team"]

1. d4 d5 2. c4 c6 3. Nf3 Nf6 4. e3 Bf5 5. Nc3 e6 6. Nh4 Be4 7. f3 Bg6 8. Bd2 Be7
9. Nxg6 hxg6 10. Qc2 Nbd7 11. O-O-O a6 12. c5 b6 13. Na4 bxc5 14. dxc5 Qb8 15.
g3 Qa7 16. Bb4 g5 17. Bd3 g6 18. Kb1 g4 19. f4 Rh5 20. Rc1 Rc8 21. b3 Kf8 22.
Qe2 a5 23. Bc3 Rd8 24. Bb2 Ne4 25. Rhd1 Qc7 26. Rc2 Nexc5 27. Nxc5 Nxc5 28. Qxg4
Nxd3 29. Rxd3 a4 30. Bd4 axb3 31. axb3 Qa5 32. Ra2 Qb5 33. Qd1 c5 34. Bb2 Rb8
35. Be5 Rc8 36. Ka1 f6 37. Bc3 Rb8 38. Rb2 Kf7 39. g4 Rh3 40. f5 d4 41. fxe6+
Kxe6 42. Be1 Rxe3 43. Rxe3+ dxe3 44. Qc2 f5 45. gxf5+ gxf5 46. Bc3 Ra8+ 47. Ra2
Qf1+ 48. Kb2 Rxa2+ 49. Kxa2 Qf2 50. Kb1 Qxc2+ 51. Kxc2 Bf6 52. Be1 f4 53. Kd3
Kf5 54. h3 Be7 55. Ba5 Ke5 56. Bc7+ Bd6 57. Bb6 Kd5 58. Bd8 Be5 59. Bg5 Ke6 60.
Bh6 Kf5 61. Bf8 Bd4 62. Bh6 Bb2 63. Bf8 Ba3 64. Bg7 Bb4 65. Bh6 Ba3 66. Bg7 Bb4
67. Bh6 Ba5 68. Bf8 Bb6 69. Bh6 Ke5 70. Bg7+ Kf5 71. Bh6 Ba5 72. Bf8 Bb6 73. Bh6
c4+ 74. bxc4 Bc5 75. h4 Kg4 76. h5 Kf3 77. Bg7 Bb4 78. Bf6 e2 79. Bh4 e1=Q 80.
Bxe1 Bxe1 81. h6 Bh4 82. c5 Kg3 83. c6 f3 84. c7 f2 85. c8=Q f1=Q+ 86. Kc2 Qe2+
87. Kb3 Qb5+ 88. Kc2 Qa4+ 89. Kd3 Qd1+ 90. Ke4 Qf3+ 91. Ke5 Qf4+ 92. Kd5 Qg5+
93. Ke4 Qe7+ 94. Kd5 Qg5+ 95. Ke4 Qf4+ 96. Kd5 Qxh6 97. Qc3+ Kg2 98. Qc2+ Bf2
99. Qe4+ Kh2 100. Qe5+ Bg3 101. Qe2+ Kg1 102. Qd1+ Kf2 103. Qc2+ Kg1 104. Qd1+
Kg2 105. Qe2+ Bf2 106. Qe4+ Kh2 107. Qe5+ Kg1 108. Ke4 Qh1+ 109. Kd3 Qf3+ 110.
Kc2 Be3 111. Qc3 Kf2 112. Qd3 Qc6+ 113. Qc3 Qa4+ 114. Qb3 Qa1 115. Qf7+ Ke1 116.
Qc4 Qd1+ 117. Kc3 Qd2+ 118. Kb3 Qd1+ 119. Kc3 Bd2+ 120. Kb2 Qf3 121. Qe6+ Kf2
122. Qc4 Qf5 123. Qh4+ Ke2 124. Qc4+ Ke1 125. Qh4+ Kd1 126. Qa4+ Ke2 127. Qc4+
Ke3 128. Qb3+ Kf2 129. Qc4 Qe5+ 130. Kc2 Bf4 131. Kb3 Be3 132. Qh4+ Ke2 133.
Qg4+ Ke1 134. Qb4+ Kd1 135. Qg4+ Kd2 136. Qb4+ 1/2-1/2

[Event "40th ECC Open 2025"]
[Site "Rhodes GRE"]
[Date "2025.10.20"]
[Round "2.142"]
[White "Decoster, Frederic"]
[Black "Sirin, Atakan"]
[Result "1/2-1/2"]
[WhiteTitle "FM"]
[BlackTitle "FM"]
[WhiteElo "2288"]
[BlackElo "2346"]
[WhiteTeam "KBSK Brugge"]
[BlackTeam "LSG Leiden"]
[WhiteFideId "204269"]
[BlackFideId "6303307"]
[EventDate "2025.10.19"]
[EventType "team"]

1. e4 c5 2. Nf3 d6 3. d4 cxd4 4. Nxd4 Nf6 5. Nc3 g6 6. Be3 Bg7 7. f3 Nc6 8. Qd2
O-O 9. Bc4 Bd7 10. O-O-O Rb8 11. Bb3 Na5 12. h4 b5 13. h5 Nc4 14. Bxc4 bxc4 15.
Nde2 Qa5 16. Bh6 Qb4 17. Qg5 Qxb2+ 18. Kd2 Bxh6 19. Qxh6 Qb4 20. hxg6 fxg6 21.
Rb1 Qa5 22. Rxb8 Rxb8 23. Nf4 Kf7 24. Nd5 Rh8 25. Nxe7 Qe5 26. Ned5 Nxd5 27.
Nxd5 c3+ 28. Ke3 Bc6 29. Qf4+ Qxf4+ 30. Nxf4 Kf6 31. Kd4 Rb8 32. Rxh7 Rb2 33.
Rxa7 Rxc2 34. Rc7 Ba8 35. a3 g5 36. Nd3 Rxg2 37. Rxc3 g4 38. Nf4 Rf2 39. Nh5+
Kg5 40. fxg4 Kxg4 41. Ng7 Rf4 42. Re3 d5 43. Ne6 Rxe4+ 44. Rxe4+ dxe4 45. Nc5
Kf3 46. Nxe4 Bxe4 1/2-1/2

[Event "40th ECC Open 2025"]
[Site "Rhodes GRE"]
[Date "2025.10.20"]
[Round "2.143"]
[White "Roobol, Martin"]
[Black "Piceu, Tom"]
[Result "1-0"]
[WhiteTitle "FM"]
[BlackTitle "IM"]
[WhiteElo "2262"]
[BlackElo "2285"]
[WhiteTeam "LSG Leiden"]
[BlackTeam "KBSK Brugge"]
[WhiteFideId "1004468"]
[BlackFideId "201952"]
[EventDate "2025.10.19"]
[EventType "team"]

1. d4 Nf6 2. c4 e6 3. Nc3 d5 4. cxd5 exd5 5. Bg5 Be7 6. e3 O-O 7. Bd3 c6 8. Nge2
a5 9. Qc2 h6 10. Bf4 Nh5 11. Be5 Nd7 12. h3 Nxe5 13. dxe5 g6 14. O-O-O Ng7 15.
g4 b5 16. f4 Qb6 17. Nd4 Bb7 18. Bxg6 c5 19. Nf5 Nxf5 20. gxf5 c4 21. f6 Qxe3+
22. Kb1 Bb4 23. Bxf7+ Rxf7 24. Qg6+ Kh8 25. Qxf7 Rg8 26. Qxb7 Bxc3 27. Qxd5 1-0